Metodyka racjonalnego doboru urządzeń linii obróbczych przechowalni ziemniaków / (Rekord nr 5791)
| 000 -ETYKIETA REKORDU | |
|---|---|
| podpole kontrolne o stałej długości | 01618naa a2200265 i 4500 |
| 001 - NUMER KONTROLNY REKORDU | |
| podpole kontrolne | BPP |
| 003 - IDENTYFIKATOR NUMERU KONTROLNEGO REKORDU | |
| podpole kontrolne | BPK |
| 005 - DATA OSTATNIEJ MODYFIKACJI REKORDU | |
| podpole kontrolne | 20160412095451.0 |
| 008 - POLE O STAŁEJ DŁUGOŚCI - DANE KONTROLNE | |
| podpole kontrolne o stałej długości | 140513s1979 pl f |100 0 pol |
| 040 ## - ŹRÓDŁO KATALOGOWANIA | |
| Instytucja, która utworzyła rekord | BPK |
| 080 ## - UNIWERSALNA KLASYFIKACJA DZIESIĘTNA - UKD | |
| UKD | 633.49:635.1/.7:631.563.9 |
| 100 ## - NAZWA OSOBOWA | |
| Nazwa osobowa | MILANOWSKI, Jerzy. |
| Lata pracy | 1974 - 1993. |
| Instytucja | Wyższa Szkoła Inżynierska w Koszalinie - Instytut Konstrukcji i Eksploatacji Maszyn, |
| Wydział | Zakład Maszyn Przemysłu Spożywczego |
| 245 ## - TYTUŁ/ODPOWIEDZIALNOŚĆ | |
| Tytuł | Metodyka racjonalnego doboru urządzeń linii obróbczych przechowalni ziemniaków / |
| Pozostałe elementy strefy tytułu i oznaczenia odpowiedzialności | Jerzy Milanowski, Maciej Kapsa, Leon Kukiełka. |
| 260 ## - STREFA ADRESU WYDAWNICZEGO | |
| Data publikacji, dystrybucji/powstania dokumentu | 1979. |
| 500 ## - UWAGI OGÓLNE | |
| Tekst uwagi | Dane z autopsji. |
| 520 ## - UWAGA DOTYCZĄCA TREŚCI DOKUMENTU | |
| Analiza dokumentacyjna, adnotacja itp. | Celem pracy jest podanie projektantom podstawowych informacji dotyczących zespołu istotnych czynników, warunkujących dobór urządzeń linii obróbczych przechowalni ziemniaków. |
| 650 #0 - HASŁO PRZEDMIOTOWE W FORMIE NAZWY OGÓLNEJ LUB JEDNOSTKOWEJ | |
| Nazwa ogólna lub geograficzna | Magazyn. |
| 650 #0 - HASŁO PRZEDMIOTOWE W FORMIE NAZWY OGÓLNEJ LUB JEDNOSTKOWEJ | |
| Nazwa ogólna lub geograficzna | Ziemniaki - technologia. |
| 655 #0 - TERMIN INDEKSOWY - OKREŚLENIE RODZAJU/FORMY DOKUMENTU | |
| Określnie rodzaju/formy dokumentu | Materiały konferencyjne. |
| 700 ## - HASŁO DODATKOWE - NAZWA OSOBOWA | |
| Nazwa osobowa | KAPSA, Maciej. |
| Lata pracy | 1976 - 1991. |
| Instytucja | Wyższa Szkoła Inżynierska w Koszalinie - Instytut Budownictwa, |
| Wydział | Zakład Budownictwa Ogólnego, Rolniczego i Przemysłowego |
| 700 ## - HASŁO DODATKOWE - NAZWA OSOBOWA | |
| Nazwa osobowa | KUKIEŁKA, Leon. |
| Lata pracy | 1974 - 1996. |
| Instytucja | Wyższa Szkoła Inżynierska w Koszalinie - Instytut Konstrukcji i Eksploatacji Maszyn, |
| Wydział | Zakład Maszyn i Urządzeń Rolniczych |
| 711 ## - HASŁO DODATKOWE - NAZWA IMPREZY | |
| Nazwa imprezy | Techniczne i technologiczne problemy w przechowalnictwie ziemniaka : Sesja Naukowa |
| Oznaczenie części/sekcji dzieła | 12 ; |
| Data imprezy | 1978.12.11 ; |
| Miejsce imprezy | Jadwisin, Polska). |
| 773 ## - TYTUŁ DOKUMENTU MACIERZYSTEGO | |
| Wyrażenie wprowadzające | W : |
| Tytuł | Techniczne i technologiczne problemy w przechowalnictwie ziemniaka : Sesja Naukowa. - |
| Adres wydawniczy | Bonin : Instytut Ziemniaka, 1979. - |
| Informacje dotyczące relacji | s. 67-74 |
| 942 ## - HASŁO DODATKOWE - ELEMENTY(KOHA) | |
| Typ dokumentu | Artykuł |
| Schemat klasyfikacji | Uniwersalna klasyfikacja dziesiętna |
| Wycofany | Zagubiony | Uszkodzony | Dostępność | Lokalizacja stała | Lokalizacja bieżąca | Sygnatura | Typ dokumentu |
|---|---|---|---|---|---|---|---|
| Dostępny | Bibliografia Prac Pracowników - BPK | Bibliografia Prac Pracowników - BPK | 29080 | Artykuł |
